000 00674nam a2200181Ia 4500
008 090711s9999 xx 000 0 und d
082 _b18573
100 _aवूऱ्हिस जेरी
245 _aअमेरिकेतींल सहकारी संस्था
260 _c1961
300 _a283
600 _aवूऱ्हिस जेरी
630 _aअमेरिकेतींल सहकारी संस्था
700 _aवूऱ्हिस जेरी
700 _aअग्निहोत्री अ. शं.
730 _aअमेरिकेतींल सहकारी संस्था
942 _cBOOK
999 _c293175
_d293175